Outline of U.S. government
The book outlines the US government structure. It describes the important positions and their function in the US government
Na minha lista:
| Formato: | Livro |
|---|---|
| Idioma: | Undetermined |
| Publicado em: |
[Washington, D.C.]
International Information Programs, U.S. Department of State
2000
|
| Assuntos: | |
| Tags: |
Adicionar Tag
Sem tags, seja o primeiro a adicionar uma tag!
|
| Thư viện lưu trữ: | Trung tâm Học liệu Trường Đại học Cần Thơ |
|---|
| LEADER | 00685nam a2200193Ia 4500 | ||
|---|---|---|---|
| 001 | CTU_43761 | ||
| 008 | 210402s9999 xx 000 0 und d | ||
| 082 | |a 320.473 | ||
| 082 | |b O.93 | ||
| 245 | 0 | |a Outline of U.S. government | |
| 245 | 0 | |c Editor Rosalie Targonski, | |
| 260 | |a [Washington, D.C.] | ||
| 260 | |b International Information Programs, U.S. Department of State | ||
| 260 | |c 2000 | ||
| 520 | |a The book outlines the US government structure. It describes the important positions and their function in the US government | ||
| 650 | |a Political science | ||
| 650 | |y United States | ||
| 904 | |i Minh, Huỳnh Mai | ||
| 980 | |a Trung tâm Học liệu Trường Đại học Cần Thơ | ||